| 000 | 00809cam a22002777a 4500 | ||
|---|---|---|---|
| 003 | CHAP | ||
| 005 | 20220817041412.0 | ||
| 008 | 971013s1975 r 00010 d | ||
| 010 | _a13383 | ||
| 011 | _a14355 | ||
| 035 | _a18428 | ||
| 040 | _cCHAP | ||
| 082 |
_a080 _bS4 v.189 |
||
| 100 | 0 | 0 |
_aCastellanos, Rosario. _920031 |
| 245 | 1 | 3 | _aEl mar y sus pescaditos |
| 260 |
_aMéxico : _bSecretaría de Educación Pública, _c1975 |
||
| 300 | _a198 p. | ||
| 490 | 0 |
_aSEP/Setentas _v; 189 |
|
| 590 |
_aBATCH-UPD _b10 _c20130110 _lUCH01 _h1822 |
||
| 590 |
_aCONVERSION _b10 _c20130109 _lUCH01 _h1309 |
||
| 650 | 1 | 4 |
_aDiscursos, ensayos, conferencias. _932717 |
| 830 | 0 |
_aSEP. Setentas _v; 189 |
|
| 901 | _aBK | ||
| 942 | _cLIBRO | ||
| 949 |
_a080 S4 v.189 _bBC _cLIBRO _d33724000306833 _eLIBRO _h44560 _i18428 _mD _si |
||
| 999 |
_c13383 _d13383 |
||